Rahsia kebahagian

Bibliographic Details
Main Author: Roshana binti Aziz
Format: Book
Published: Selangor : flo Enterprise , 2005
Series:Siri warisan klasik
Subjects:

MARC

LEADER 00000cam a2200000 7i4500
001 0000003760
005 20151222.0
008 070719
020 |a 9679715000 
020 |a 9679715035(set) 
090 0 0 |a JF   |b CT MAL (4640) 
100 0 |a Roshana binti Aziz 
245 1 0 |a Rahsia kebahagian   |c Roshana binti Aziz 
260 |a Selangor :   |b flo Enterprise ,   |c 2005 
440 |a Siri warisan klasik 
500 |a Children ages 7-9 years old (orange) 
650 0 |a Folk literature 
650 0 |a Folkore   |z Asia 
650 0 |a Tales   |z Asia 
999 |a 0000904471   |b Book   |c Teenagers   |e Cawangan Bandar Tenggara 
999 |a 0000917491   |b Book   |c Children Collection   |e Cawangan Bukit Gambir 
999 |a 0000917492   |b Book   |c Children Collection   |e Cawangan Bukit Gambir 
999 |a 0000917493   |b Book   |c Children Collection   |e Cawangan Bukit Gambir 
999 |a 0000931323   |b Book   |c Children Collection   |e Cawangan Tangkak 
999 |a 0000931325   |b Book   |c Children Collection   |e Cawangan Tangkak 
999 |a 0000971362   |b Book   |c Children Collection   |e Cawangan Mersing 
999 |a 0000971363   |b Book   |c Children Collection   |e Cawangan Kota Tinggi 
999 |a 0000971364   |b Book   |c Children Collection   |e Cawangan Segamat 
999 |a 0000971366   |b Book   |c Children Collection   |e Perbadanan Perpustakaan Awam Johor 
999 |a 0001054113   |b Book   |c Children Collection   |e Cawangan Mersing 
999 |a 0001054114   |b Book   |c Children Collection   |e Cawangan Segamat